000 00502nam a2200169 a 4500
005 20140310183215.0
008 030620s19uu xx 00 eng d
020 _a0201180162
050 _aHD 69.C6
_b.Sch28 1981
100 _aSchein, Edgar H.
245 _aProcess consultation :
_bIts role in organization development /
_cEdgar H. Schein.
260 _aLondon :
_bAddison-Wesley,
_c1969.
300 _a158 p. :
_c22 cm.
650 _aBusiness processes.
942 _cBK
_2lcc
_kFOR
999 _c20232
_d20232